00905nam a2200229 i 4500001000300000245016100003260012900164300002800293504002400321546002600345650002700371700002700398700003500425015001800460020001800478040000800496041001300504044000800517080001100525008004100536856009800577bg00aZarządzanie wiedzą :bwybrane problemy /cred. nauk. Krzysztof Leja, Andrzej Szuwarzyński ; Politechnika Gdańska. Wydział Zarządzania i Ekonomii. aGdańsk :bWydział Zarządzania i Ekonomii. Katedra Zarządzania Wiedzą i Informacją. Politechnika Gdańska,c2007. a145 s. :bil. ;c24 cm. aBibliogr. przy ref. aTekst częśc. ang. 9aZarządzanie wiedzą1 aLeja, Krzysztof.eRed.1 aSzuwarzyński, Andrzej.eRed. aPB 11807/2008 a9788388617836 cBPK0 apolaeng aPOL a005.94080303s2007 pl a |000 0 pol  uhttp://koha.tu.koszalin.pl/cgi-bin/koha/opac-detail.pl?biblionumber=55567yKatalog online BPK